01356nam a22001937a 450000500170000000800410001702000180005804000070007604100120008308200200009510000170011524500790013226000440021130000320025536500520028752007900033965000140112970000190114320240701100044.0240701b ||||| |||| 00| 0 eng d a9788184951196 cAL aEnglish 223a153.1bSHAL aRobin Sharma aLeader Who Had No Title: A Modern Fable on Success in Business and in Life aAhmedabadbJaico Publishing Housec2023 axiv,197 p.bPBc21.5x14 cm. a593b₹239.00c₹d₹299.00e20%f03-05-2024 aFor more than twenty years, legendary leadership Guru Robin Sharma has helped fortune 500 companies, billionaires, celebrated entrepreneurs and iconic athletes achieve domain dominance. Now, in this life-changing book, he shares the step-by-step method that his clients have used to make their fortunes while positively impacting the world. As you read this book—carefully crafted as an unforgettable story—you will discover: How the great masters think, lead and live An unusual strategy the pros use to produce genius-grade work Proven daily tactics to multiply your productivity so you own your field A transformational blueprint for building an amazing company “Insider-only” routines to bulletproof your mindset, develop undefeatable inner strength and know true happiness aSelf-Help aSHARMA (Robin)